000 00587nam a2200241 a 4500
001 nice12345678
003 IN_TiNIC
005 20260116013259.0
008 050524s2000 dela grp 000 0 eng
020 _a8172148
_c45
082 0 0 _a241
_bRUD
100 _aRudge, Alan
245 _aOther Cheek.
260 _aDelhi
_bISPCK
_c2000
300 _a120p
500 _aincludes index and biblioraphy
505 2 _aShort bibliography on theological education
650 _aTheology-Moral
700 1 _aRudge, Alan
902 _bSRS
942 _cBK
999 _c10387
_d10387